| 000 | 00693nam a2200217 a 4500 | ||
|---|---|---|---|
| 001 | 13246 | ||
| 003 | BD-JhCC | ||
| 005 | 20230731105508.0 | ||
| 008 | 230622s 2020 bg a|||| |||| 000 0 ben d | ||
| 020 | _a9789848881948 | ||
| 035 | _a(BD-JhCC)13246 | ||
| 040 |
_aBD-JhCC _dBD-JhCC |
||
| 041 | _aben | ||
| 082 |
_a891.4435 _bHAQ 2020 |
||
| 100 | _aহক, আনিসুল | ||
| 245 |
_aগুড্ডুবুড়ার গল্প / _cআনিসুল হক |
||
| 260 |
_aঢাকা : _bঘাস ফড়িং, _c২০২০ |
||
| 300 |
_a৯২ পৃ. : _bরঙিন পৃষ্ঠা; _c২২ সেমি. |
||
| 650 | _aBengali short story | ||
| 942 |
_2ddc _cBK _04 |
||
| 999 |
_c13246 _d13246 |
||